000 00349nam a22001697a 4500
003 SGT
020 _a9789389309232
082 _a616.89
_bC21D
100 _aDAMS
245 _aCONCEPT BOOK PSYCHIATRY
250 _a1ST
260 _aINDIA
_bDAMS PUB
_c2021
300 _a207
650 _aPSYCHIATRY
653 _aEXAM BOOK
942 _2ddc
_cBK
999 _c22465
_d22465